Statistics for Countries with more than one C in their name

Click here to take the quiz!

General Stats

  • This quiz has been taken 36 times
  • The average score is 6 of 8

Answer Stats

Answer% Correct
Democratic Republic of the Congo
93%
Republic of the Congo
89%
Czechia
86%
Central African Republic
82%
Dominican Republic
61%
Morocco
61%
Costa Rica
54%
Vatican City
46%

Score Distribution

Percentile by Number Answered

Percent of People with Each Score

Your Score History

You have not taken this quiz